| Tag |
First Indicator |
Second Indicator |
Subfields |
| LEADER |
00000cam a2200000Ia 4500 |
| 001 |
in00001546421 |
| 005 |
20151022060530.0 |
| 008 |
000413s2000 fr 000 1 fre d |
| 020 |
|
|
|a 2070754626
|
| 035 |
|
|
|a (OCoLC)ocm43912720
|
| 040 |
|
|
|a TZT
|b fre
|c TZT
|d EMU
|d TXA
|d UtOrBLW
|
| 049 |
|
|
|a TXAM
|
| 072 |
|
7 |
|a PQ
|2 lcco
|
| 082 |
1 |
4 |
|a 843
|2 1
|
| 090 |
|
|
|a PQ2664.J5
|b V47 2000
|
| 100 |
1 |
|
|a Djian, Philippe,
|d 1949-
|
| 245 |
1 |
0 |
|a Vers chez les blancs :
|b roman /
|c Philippe Djian.
|
| 264 |
|
1 |
|a [Paris] :
|b Gallimard,
|c [2000]
|
| 264 |
|
4 |
|c ©2000
|
| 300 |
|
|
|a 374 pages ;
|c 21 cm.
|
| 336 |
|
|
|a text
|b txt
|2 rdacontent
|
| 337 |
|
|
|a unmediated
|b n
|2 rdamedia
|
| 338 |
|
|
|a volume
|b nc
|2 rdacarrier
|
| 653 |
|
|
|a Erotic Novel
|
| 938 |
|
|
|a Jean Touzot Libraire Editeur
|b TOUZ
|n JTL00046556
|c 125 FRF
|
| 948 |
|
|
|a cataloged
|b h
|c 2000/8/21
|d c
|e jgreene
|f 1:05:22 pm
|
| 994 |
|
|
|a E0
|b TXA
|
| 999 |
|
|
|a MARS
|
| 999 |
f |
f |
|s bf37f244-0e86-38a2-9d8a-30175baa4f8f
|i 0b61e305-8329-3d82-8717-71946cfb7eba
|t 0
|
| 952 |
f |
f |
|p normal
|a Texas A&M University
|b College Station
|c Sterling C. Evans Library
|d Evans: Library Stacks
|t 0
|e PQ2664.J5 V47 2000
|h Library of Congress classification
|i unmediated -- volume
|m A14826603302
|
| 998 |
f |
f |
|a PQ2664.J5 V47 2000
|t 0
|l Evans: Library Stacks
|